000 00340nam a22001457a 4500
003 URS
005 20250630075841.0
040 _cURS
050 _aHF 5630 C33 2022
245 _aAccounting Research Methods
250 _aFirst edition
260 _aManila:
_bRex Book Store,
_c[2022]
300 _ax, 194 pages;
_c26 cm
942 _2lcc
_cF
999 _c83243
_d83242